00000000nam##2200000za#4500
0019.689907
003CaOODSP
00520210624232116
007cr |||||||||||
008150407|2007||||xxc|||||o    f|0| 0 eng|d
020 |a978-0-662-46267-5
040 |aCaOODSP|beng
043 |an-cn---
0861 |aSC3-120/2007E-PDF
1102 |aPublic Service Commission of Canada.
24510|aActing appointments and subsequent promotions in the federal public service : |h[electronic resource]|ba statistical study by the Public Service Commission of Canada
260 |aOttawa - Ontario : |bPublic Service Commission |c2007.
300 |a34p.|bfigs., graphs, tables
5203 |aThis statistical report presents the results of a two-year study into whether employees in acting appointments in the public service gain an advantage toward subsequent promotion. Factors considered in the study include job classifications; departments and agencies; employment equity; age; official languages; and duration, timing, and rate of subsequent promotion. The study also examines the staffing role of the Public Service Commission, and describes data sources and methodology.
590 |a07-31|b2007-08-03
69007|aPublic service|2gcpds
69007|aAppointments|2gcpds
77508|tLes nominations intérimaires et les promotions subséquentes à la fonction publique fédérale : |w(CaOODSP)9.634284
7760#|tActing appointments and subsequent promotions in the federal public service : |w(CaOODSP)9.668891
7760#|tNominations intérimaires et promotions subséquentes à la fonction publique fédérale : |w(CaOODSP)9.668892
85640|ahttp://publications.gc.ca|qPDF|s414 KB|uhttps://publications.gc.ca/collections/collection_2007/psc-cfp/SC3-120-2007E.pdf